00425nam a2200169Ia 450000500170000000800410001702000150005808200130007310000110008624500560009726000280015330000170018165000080019865000210020665000130022765000150024020241010052217.0240331s9999 xx 000 0 und d a0415029740 bMOIa820 aMoi, T 0aSexual/Textual politics :bFeminist Literary Theory aLondonbRoutledgec1985 axv, 206 p ., aSex aTextual Politics aFeminist aPhilosophy